00677nam a2200205Ia 4500003000400000005001700004008004100021020001500062040001800077041000800095082002200103100002800125245003900153250001200192260004400204300002400248942003500272999001900307952014500326OSt20250203134437.0210716s1993 xx 000 0 und d a0679425136 cAIMIT LIBRARY aeng a823.914 21bCARJ aCarre, John Le.9197168 aNight manager /cBy John Le Carre. a1st ed. aNew York :bAlfred A Knopf Inc ;c1993. a429p. ;bPBc23 cm. 2ddccBKe1st ed.k823.914 CARJ c203177d203177 00102ddc40708MBAaAIMITbAIMITd2021-07-16iBill no:; Bill dt:1900-01-00l0o823.914 CARJpMBA05743r2026-05-23 00:00:00w2021-07-16yBK